Southern Water Authority v Nature Conservancy Council (Record no. 31938)

MARC details
000 -LEADER
fixed length control field 01660cab a2200229 4500
001 - CONTROL NUMBER
control field Z3173
008 - FIXED-LENGTH DATA ELEMENTS--GENERAL INFORMATION
fixed length control field 090401t1993 xxu||||| |||| 00| 0 eng d
035 ## - SYSTEM CONTROL NUMBER
System control number (Sirsi) u51426
041 ## - LANGUAGE CODE
Language code of text/sound track or separate title eng
245 ## - TITLE STATEMENT
Title Southern Water Authority v Nature Conservancy Council
260 ## - PUBLICATION, DISTRIBUTION, ETC.
Date of publication, distribution, etc. 1993
350 ## - PRICE (NR) (BK AM CF MU VM SE) [OBSOLETE]
Price 0
490 ## - SERIES STATEMENT
Series statement Property and Compensation Reports
Volume/sequential designation (1993) 65 PCR 55-64(6)
520 ## - SUMMARY, ETC.
Summary, etc. HL 16 July 1992. In 1982 the Nature Conservancy Council notified an area of land as a site of special scientific interest under Wildlife and Countryside Act 1981 s28. The site included a ditch and notification was given to the two farmers owning land either side of the ditch and the water authority who owned land elsewhere on the site. In 1987 the farmers asked the authority to dredge the ditch to mitigate flooding. No agreement was reached with the NCC and no written notice was given to them. In 1989 the authority, acting under Land Drainage Act 1976 s17, drained the ditch. This caused damage to the natural features which the SSSI was designed to protect. The NCC laid eight informations against the authority under s28(7) of the Act. The authority said they had no cause to answer as they were not the owners of the ditch. It was held that they were responsible as they were occupiers of the ditch during the weeks when the work was carried out. On appeal the conviction was quashed. NCC
650 ## - SUBJECT ADDED ENTRY--TOPICAL TERM
Topical term or geographic name entry element LAND DRAINAGE ACT 1976 S17
650 ## - SUBJECT ADDED ENTRY--TOPICAL TERM
Topical term or geographic name entry element SITES OF SPECIAL SCIENTIFIC INTEREST
650 ## - SUBJECT ADDED ENTRY--TOPICAL TERM
Topical term or geographic name entry element SITES OF SPECIAL SCIENTIFIC INTEREST
650 ## - SUBJECT ADDED ENTRY--TOPICAL TERM
Topical term or geographic name entry element WILDLIFE AND COUNTRYSIDE ACT 1981 S28
690 ## - LOCAL SUBJECT ADDED ENTRY--TOPICAL TERM (OCLC, RLIN)
Topical term or geographic name as entry element CONSERVATION-CASE LAW
942 ## - ADDED ENTRY ELEMENTS (KOHA)
Suppress in OPAC 0
948 ## - LOCAL PROCESSING INFORMATION (OCLC); SERIES PART DESIGNATOR (RLIN)
c (OCLC) 04/03/1997
Holdings
Withdrawn status Lost status Source of classification or shelving scheme Damaged status Not for loan Home library Current library Shelving location Date acquired Total Checkouts Full call number Barcode Date last seen Copy number Price effective from Koha item type
    Dewey Decimal Classification     London London Journal article 14/09/1999   Z3173 51426-1001 06/08/2019 1 06/08/2019 Law report